000 00486nam a2200181Ia 4500
001 2398
005 20260306144804.0
008 260306t2009||||xx |||||||||||||| ||spa||
041 _aESP
082 _a616.89
_bH17
100 _aHalgin, Richard P.
_eAUT
245 0 _aPsicología de la anormalidad:
_bperspectivas clínicas en los trastornos psicológicos
260 _c2009
300 _axxvi, 531 páginas :
_c27 cm.
650 _aGEN
654 _aCPS
942 _cLIB
_dJUS
_fJUS
_2ddc
_n
999 _c2398
_d2398